[Event "Titled Tue 10th Jun Early"]
[Site "chess.com INT"]
[Date "2025.06.10"]
[Round "2"]
[White "Chiang, Jacob"]
[Black "Ohanyan, Emin"]
[Result "1/2-1/2"]
[BlackTitle "GM"]
[WhiteElo "2006"]
[BlackElo "2491"]
[WhiteFideId "30962331"]
[BlackFideId "13312022"]
[EventDate "2025.06.10"]

1. c4 c6 2. Nc3 d5 3. d4 Nf6 4. Nf3 dxc4 5. a4 Bf5 6. Ne5 e6 7. Nf3 Bb4 8. Bg5
Qa5 9. Bxf6 Bxc3+ 10. bxc3 Qxc3+ 11. Nd2 gxf6 12. e3 Bd3 13. Rc1 Qa5 14. Bxd3
cxd3 15. Qb3 O-O 16. Qxd3 Qa6 17. Qe4 Nd7 18. h4 Kh8 19. h5 Rg8 20. Rh3 f5 21.
Qf4 Rxg2 22. Rg3 Rg8 23. Rxg2 Rxg2 24. Nf3 Qa5+ 25. Kf1 Rg8 26. h6 Qd5 27. Ng5
Rg6 28. Ke2 f6 29. Nf3 Kg8 30. Nd2 Nf8 31. Rb1 b6 32. Qc7 Rxh6 33. Qxa7 f4 34.
Rg1+ Rg6 35. Rxg6+ Nxg6 36. Qxb6 fxe3 37. fxe3 Nh4 38. Qb8+ Kf7 39. Qc7+ Kg6 40.
Qg3+ Kh5 41. Qf4 f5 42. Kd3 Qa5 43. Nf3 Nxf3 44. Qxf3+ Kg6 45. Qxc6 Kf6 46. Qe8
Qb4 47. Qb5 Qa3+ 48. Ke2 Qa2+ 49. Kf3 Qa1 50. a5 Qd1+ 51. Kf2 Qc2+ 52. Qe2 Qa4
53. a6 f4 54. Qf3 Qa2+ 55. Kg1 Qxa6 56. Qxf4+ Kg6 57. Qe4+ Kg7 58. Qe5+ Kg8 59.
Kf2 Qa2+ 60. Kf3 Qd5+ 61. Kf4 Qd7 62. e4 Qf7+ 63. Ke3 h5 64. Qg5+ Kf8 65. e5 Ke8
66. Qh6 Qf5 67. Qh8+ Kf7 68. Ke2 Qe4+ 69. Kf1 Qf3+ 70. Ke1 Qe3+ 71. Kf1 Qd3+ 72.
Kg2 Qe4+ 73. Kf1 Qf4+ 74. Ke1 Qg3+ 75. Kf1 Qd3+ 76. Kg2 Qd2+ 77. Kh1 Qe1+ 78.
Kh2 Qf2+ 79. Kh1 Qf3+ 80. Kh2 Qf4+ 81. Kh1 h4 82. Qh5+ Ke7 83. Qh7+ Kd8 84. Qd3
Qg4 85. d5 exd5 86. Qxd5+ Ke8 87. Qc6+ Ke7 88. Qd6+ Ke8 89. e6 Qf3+ 90. Kh2 Qg3+
91. Qxg3 hxg3+ 92. Kxg3 Ke7 93. Kf4 Kxe6 1/2-1/2

[Event "Titled Tue 10th Jun Early"]
[Site "chess.com INT"]
[Date "2025.06.10"]
[Round "2"]
[White "Napoli, Nicolo"]
[Black "Toroptseva, Yevheniia"]
[Result "1-0"]
[WhiteTitle "FM"]
[BlackTitle "WFM"]
[WhiteElo "2264"]
[BlackElo "2104"]
[WhiteFideId "813702"]
[BlackFideId "34109374"]
[EventDate "2025.06.10"]

1. e4 c5 2. c3 d5 3. exd5 Nf6 4. Nf3 Nxd5 5. d4 e6 6. Bb5+ Bd7 7. Qe2 cxd4 8.
Nxd4 Bc5 9. O-O O-O 10. Rd1 Bxb5 11. Qxb5 Qb6 12. a4 a6 13. Qe2 Nc6 14. a5 Qc7
15. Nb3 Bd6 16. g3 Rad8 17. N1d2 Ne5 18. Ne4 Be7 19. Be3 Qc4 20. Qxc4 Nxc4 21.
Bc1 f5 22. Nec5 Bxc5 23. Nxc5 Nf6 24. Rxd8 Rxd8 25. Bg5 Nxb2 26. Bxf6 gxf6 27.
Rb1 Rd2 28. Nxe6 Kf7 29. Nc5 Nd3 30. Nxd3 Rxd3 31. Rxb7+ Kg6 32. Rc7 Rd1+ 33.
Kg2 Ra1 34. Rc5 Ra3 35. Kf3 Ra2 36. h3 Rc2 37. Ke3 h6 38. Rc6 Rc1 39. h4 Rc2 40.
Kf3 Rc1 41. Kf4 Rc2 42. f3 Rc1 43. Rc5 Rc2 44. h5+ Kxh5 45. Rxf5+ Kg6 46. Rc5
Rc1 47. g4 Rc2 48. Rc6 Rc1 49. Ke3 Rc2 50. Kd3 Rc1 51. Rxa6 Rf1 52. Ke2 Rc1 53.
Rc6 Ra1 54. Rc5 Ra2+ 55. Ke3 Ra3 56. Kf4 Ra1 57. c4 Ra3 58. Rb5 Ra4 59. Rc5 Ra3
60. Kg3 Kf7 61. Rc7+ Kg6 62. Ra7 Ra4 63. c5 Rc4 64. Rc7 Ra4 65. Ra7 Rc4 66. a6
Rxc5 67. Rb7 Ra5 68. a7 Ra4 69. Kf2 Ra3 70. Rc7 Ra4 71. Ke3 h5 72. gxh5+ Kxh5
73. Kd3 Kg6 74. Kc3 Kf5 75. Rc5+ Kg6 76. Rc7 Ra1 77. Kb4 Rb1+ 78. Kc5 Ra1 79.
Kb6 Rb1+ 80. Kc6 Rc1+ 81. Kb7 Rb1+ 82. Kc8 Ra1 83. Kb8 Rb1+ 84. Rb7 Rh1 85. a8=Q
Rh8+ 86. Ka7 Rxa8+ 87. Kxa8 Kg5 88. Rf7 Kf4 89. Rxf6+ 1-0

[Event "Titled Tue 10th Jun Early"]
[Site "chess.com INT"]
[Date "2025.06.10"]
[Round "2"]
[White "Sarkar, Justin"]
[Black "Medina, VInce Angelo"]
[Result "1/2-1/2"]
[WhiteTitle "IM"]
[WhiteElo "2284"]
[BlackElo "2138"]
[WhiteFideId "2010011"]
[BlackFideId "5205069"]
[EventDate "2025.06.10"]

1. a4 d5 2. d4 c5 3. e3 cxd4 4. exd4 Nf6 5. Nf3 g6 6. Bd3 Bg7 7. O-O O-O 8. h3
Nc6 9. c3 Bf5 10. Bxf5 gxf5 11. Bf4 e6 12. Ne5 Nxe5 13. Bxe5 Nd7 14. Bxg7 Kxg7
15. a5 Qg5 16. Nd2 Kh8 17. Nf3 Qh6 18. Qe2 Rg8 19. Ne5 Nxe5 20. Qxe5+ Rg7 21.
Kh2 Rg8 22. g3 f4 23. Qxf4 Qxf4 24. gxf4 Rg2+ 25. Kh1 R2g6 26. f5 exf5 27. Rae1
Re6 28. Re5 Rxe5 29. dxe5 Re8 30. f4 Kg7 31. Rd1 Rd8 32. Rd4 f6 33. c4 fxe5 34.
fxe5 Re8 35. Rxd5 Kf7 36. Kg2 Ke6 37. Kf3 Rg8 38. Kf4 Rg2 39. Rd6+ Ke7 40. Kxf5
Rf2+ 41. Ke4 Rxb2 42. Rh6 Rb3 43. Rxh7+ Ke6 44. Rh6+ Ke7 45. h4 Rb1 46. h5 Re1+
47. Kd5 Rd1+ 48. Kc5 Ra1 49. a6 b6+ 50. Kd5 Ra5+ 51. Ke4 Rxa6 52. Rh7+ Ke6 53.
h6 Ra4 54. Rc7 Ra5 55. Kd4 Ra1 56. h7 Rd1+ 57. Kc3 Rh1 58. Rxa7 Kxe5 59. Rg7 Kd6
60. Kb4 Kc6 61. Rg6+ Kc7 62. Rg7+ Kc6 63. Rf7 Rb1+ 64. Kc3 Rh1 65. Kd3 Rh4 66.
Ke3 Kc5 67. Rc7+ Kd6 68. Rg7 Rh3+ 69. Kf4 Kc5 70. Kg5 Kxc4 71. Kg6 b5 72. Rc7+
Kb3 73. Rc8 Rg3+ 74. Kh6 b4 75. h8=Q Rh3+ 76. Kg5 Rxh8 77. Rxh8 Kc2 78. Rc8+ Kd2
79. Rb8 Kc3 80. Kf4 b3 81. Ke3 b2 82. Rc8+ Kb3 83. Rb8+ Kc2 84. Ke2 b1=Q 85.
Rxb1 Kxb1 1/2-1/2

[Event "Titled Tue 10th Jun Early"]
[Site "chess.com INT"]
[Date "2025.06.10"]
[Round "2"]
[White "Vandan Alankar Sawai"]
[Black "Aravindh, Chithambaram VR."]
[Result "1/2-1/2"]
[WhiteTitle "CM"]
[BlackTitle "GM"]
[WhiteElo "1955"]
[BlackElo "2749"]
[WhiteFideId "25973096"]
[BlackFideId "5072786"]
[EventDate "2025.06.10"]

1. e4 Nc6 2. Nf3 d6 3. d4 Nf6 4. Nc3 Bg4 5. Be3 e5 6. dxe5 Nxe5 7. Be2 Bxf3 8.
Bxf3 Be7 9. O-O O-O 10. Be2 Re8 11. f4 Ng6 12. Bf3 c6 13. g3 Bf8 14. Qd2 b5 15.
a3 Qc7 16. Rad1 a5 17. Bd4 b4 18. Bxf6 gxf6 19. axb4 axb4 20. Ne2 Qb6+ 21. Qd4
Reb8 22. Qxb6 Rxb6 23. Ra1 Rba6 24. Rxa6 Rxa6 25. Nd4 c5 26. Nf5 Ne7 27. Nxe7+
Bxe7 28. Be2 Ra2 29. Rb1 Kg7 30. Bc4 Ra7 31. Kf2 h5 32. Ke3 Kg6 33. Rd1 Ra8 34.
Bd5 Ra7 35. Bc4 Bf8 36. Rd5 Ra1 37. Rd2 Rc1 38. Bd3 Kg7 39. Be2 h4 40. Kf3 Rb1
41. b3 Be7 42. Bc4 hxg3 43. hxg3 Rc1 44. Bd3 Rh1 45. Kg2 Rc1 46. Kf3 Bd8 47. Bc4
Bc7 48. Bd3 Ra1 49. Bc4 Ra2 50. Rh2 Bd8 51. Rd2 Be7 52. Bd3 Ra1 53. Bc4 Bf8 54.
Rh2 Rc1 55. Bd3 Rd1 56. Kg4 Re1 57. Kf5 Rg1 58. g4 Be7 59. Bc4 Re1 60. Rf2 Rg1
61. Be2 Rc1 62. Bd3 Bf8 63. Rf1 Rxf1 64. Bxf1 Be7 65. Bc4 Kf8 66. e5 fxe5 67.
fxe5 dxe5 68. Kxe5 Bg5 69. Kd5 Be3 70. Kd6 f6 71. Ke6 Kg7 72. Kf5 Bd4 73. Bd5
Kh6 74. Bf3 Kg7 75. Be2 Kf7 76. Bc4+ Ke7 77. Ke4 f5+ 78. Kxf5 Kf8 79. g5 Kg7 80.
g6 Be3 81. Bd3 Bd4 82. Ke6 Bg1 83. Kd5 Bd4 84. Kc4 Bg1 85. Be4 Bf2 86. Bf5 Be3
87. Bd3 Bf2 88. Kd5 Bg1 89. Ke4 Bf2 90. Kf3 Bd4 91. Ke2 Bg1 92. Kf3 Bd4 93. Kg4
Kf6 94. Kh5 Kg7 95. Kg5 Be3+ 96. Kf5 Bg1 97. Ke6 Bf2 98. Kd5 Bg1 99. Kc4 Bf2
100. c3 bxc3 101. Kxc3 Bg1 102. Kc4 Bf2 103. Bc2 Bg1 104. Kd5 Bf2 105. Kc4 Bg1
106. Bb1 Bf2 107. Bf5 Bg1 108. Be4 Bf2 109. Bf5 Bg1 110. Kc3 Bf2 111. Kd3 Be1
112. Ke4 Bb4 113. Kd5 Ba3 114. Kc4 Bb4 115. Kb5 Ba3 116. Ka4 Bb4 117. Be4 Bc3
118. Bd3 Bb4 119. Kb5 Ba3 1/2-1/2

[Event "Titled Tue 10th Jun Early"]
[Site "chess.com INT"]
[Date "2025.06.10"]
[Round "2"]
[White "Pajcin, Lav"]
[Black "Shimanov, Aleksandr"]
[Result "0-1"]
[WhiteTitle "FM"]
[BlackTitle "GM"]
[WhiteElo "2281"]
[BlackElo "2578"]
[WhiteFideId "966746"]
[BlackFideId "4198603"]
[EventDate "2025.06.10"]

1. d4 d5 2. c4 dxc4 3. Nf3 Nf6 4. e3 Be6 5. Nbd2 c5 6. Nxc4 Nc6 7. Be2 cxd4 8.
exd4 Bd5 9. O-O e6 10. Bg5 Be7 11. Nce5 O-O 12. a3 Rc8 13. Rc1 h6 14. Bh4 Nd7
15. Bg3 Ndxe5 16. Nxe5 Bf6 17. b4 Qe7 18. Qd2 Rfd8 19. Qe3 Qe8 20. Rfd1 Ne7 21.
Bd3 Bc6 22. Bb1 Ba4 23. Rxc8 Rxc8 24. Rc1 Nd5 25. Qd2 Bb5 26. h3 h5 27. f4 g6
28. Bf2 Ne7 29. g4 hxg4 30. hxg4 Bc6 31. g5 Bg7 32. Be3 Bd5 33. Kf2 Qd8 34. Rxc8
Qxc8 35. Qc1 Qd8 36. Bd3 Nc8 37. Qc2 Nd6 38. Ng4 Nf5 39. Ne5 Bf8 40. Qc1 Bd6 41.
Ng4 Be7 42. Ne5 Kg7 43. Bxf5 gxf5 44. Nf3 Qh8 45. Qg1 Qh5 46. Qg3 Bd6 47. Ne5
Qd1 48. g6 f6 49. Nd7 Qc2+ 50. Kg1 Qd1+ 51. Kf2 Qh5 52. Nc5 b6 53. Nd3 Qg4 54.
Qxg4 fxg4 55. Kg3 f5 56. Ne5 Kf6 57. Bf2 Bf8 58. Kh2 Bh6 59. Bh4+ Kg7 60. Kg3
Kg8 61. Be7 Bg7 62. Bd6 Bf6 63. b5 Bb3 64. Bb8 Ba4 65. Bxa7 Bxb5 66. Bxb6 Kg7
67. Bc7 Be7 68. Bb6 Bxa3 69. Bc5 Bc1 70. Be7 Be8 71. Bc5 Bxg6 72. Be7 Be8 73.
Bc5 Bb2 74. Bb6 Bc3 75. Bc5 Be1+ 76. Kg2 Ba4 77. Kf1 Bc3 78. Nc4 Bb5 79. Kg2
Bxc4 80. d5 Bxd5+ 81. Kg3 Kg6 82. Kh2 Be1 83. Bf2 Bd2 84. Kg3 Kh5 85. Bd4 Be1+
86. Kh2 g3+ 87. Kg1 g2 88. Kh2 Bd2 89. Bf2 Bxf4+ 90. Kh3 Bd2 91. Kh2 f4 92. Kh3
f3 93. Kh2 Kg4 94. Bg1 Bf4# 0-1

[Event "Titled Tue 10th Jun Early"]
[Site "chess.com INT"]
[Date "2025.06.10"]
[Round "2"]
[White "Amangeldy, Ernur"]
[Black "Zhauynbay, Alimzhan"]
[Result "1/2-1/2"]
[WhiteTitle "FM"]
[BlackTitle "CM"]
[WhiteElo "2235"]
[BlackElo "2133"]
[WhiteFideId "13720244"]
[BlackFideId "13782657"]
[EventDate "2025.06.10"]

1. d4 Nf6 2. Nc3 d5 3. Bf4 c5 4. e4 dxe4 5. dxc5 Qxd1+ 6. Rxd1 e6 7. Nb5 Na6 8.
b4 Bd7 9. a3 Nd5 10. Bd6 Be7 11. Bc4 Bc6 12. Ne2 O-O 13. Bxd5 exd5 14. Bxe7 Rfe8
15. Nbd4 Rxe7 16. b5 Nxc5 17. bxc6 bxc6 18. Nxc6 Rc7 19. Nb4 Ne6 20. Nxd5 Rxc2
21. Ndf4 Nc5 22. Nd4 Ra2 23. O-O Rxa3 24. Rc1 Nd3 25. Nxd3 exd3 26. Rfd1 a5 27.
Nc6 h6 28. Ra1 Rc3 29. Ne5 a4 30. Rxd3 Rc5 31. Nd7 Rb5 32. h3 Ra7 33. Raa3 Kh7
34. f4 g6 35. Ne5 Kg7 36. Rd7 Rxd7 37. Nxd7 Rb1+ 38. Kf2 Rb4 39. g3 g5 40. fxg5
hxg5 41. Ne5 Rb2+ 42. Ke1 Rh2 43. Ng4 Rxh3 44. Kf2 Rh1 45. Rxa4 Rb1 46. Ne3 Rb2+
47. Kf3 Kg6 48. Ra5 f6 49. Ra6 Rb3 50. g4 Rb4 51. Nf5 Rb3+ 52. Kf2 Rb2+ 53. Kf3
Rb3+ 54. Ne3 Rb4 55. Ra7 Rf4+ 56. Kg3 Rb4 57. Nf5 Rb3+ 58. Kf2 Rb2+ 59. Ke3 Rb3+
60. Kd4 Rb4+ 61. Kd5 Rxg4 62. Ne7+ Kh5 63. Ke6 Re4+ 64. Kxf6 Kg4 65. Nf5 Rf4 66.
Ra5 Rb4 67. Ng7 Kh4 68. Nf5+ Kg4 69. Ng7 Kh4 70. Ra1 Rb6+ 71. Kf5 g4 72. Kf4
Rb4+ 73. Ke3 g3 74. Nf5+ Kg4 75. Nh6+ Kg5 76. Nf7+ Kh4 77. Rh1+ Kg4 78. Ne5+ Kf5
79. Rh5+ Kf6 80. Nf3 Rb3+ 81. Kf4 g2 82. Rh6+ Kg7 83. Rh3 Rxf3+ 84. Rxf3 g1=Q
85. Rg3+ Qxg3+ 86. Kxg3 1/2-1/2

[Event "Titled Tue 10th Jun Early"]
[Site "chess.com INT"]
[Date "2025.06.10"]
[Round "2"]
[White "Ghoreishi Amiri, Seyed Kian"]
[Black "Mitrabha, Guha"]
[Result "0-1"]
[WhiteTitle "CM"]
[BlackTitle "GM"]
[WhiteElo "2216"]
[BlackElo "2515"]
[WhiteFideId "36757527"]
[BlackFideId "5057000"]
[EventDate "2025.06.10"]

1. e4 c6 2. d4 d5 3. exd5 cxd5 4. Bd3 Nc6 5. c3 Nf6 6. Bf4 Bg4 7. Qb3 Qd7 8. Nd2
e6 9. Ngf3 Bd6 10. Bxd6 Qxd6 11. O-O O-O 12. Rfe1 Bxf3 13. Nxf3 Qc7 14. a4 g6
15. Qd1 Kg7 16. Qe2 a6 17. g3 Rab8 18. Kg2 Rfe8 19. h4 Nd7 20. Ne5 Ncxe5 21.
dxe5 h5 22. Bc2 b5 23. axb5 axb5 24. Bd3 b4 25. c4 d4 26. f4 Nc5 27. Qf3 Qb7 28.
Be4 Qb6 29. Bd3 b3 30. Rf1 Qb4 31. f5 Qd2+ 32. Be2 exf5 33. Rad1 Qe3 34. Qxe3
dxe3 35. Rd5 Ne4 36. Rf3 Rbd8 37. Rxe3 Rxd5 38. cxd5 Rxe5 39. Bc4 Re8 40. Bxb3
Rb8 41. Kh3 Nc5 42. Bc4 Rxb2 43. d6 Ne4 44. d7 Rd2 45. Re2 Rxd7 46. Kg2 Rc7 47.
Bd5 Nf6 48. Bf3 Kf8 49. Rd2 Rc3 50. Rd8+ Ke7 51. Rd2 Nd7 52. Re2+ Kf6 53. Ra2
Ne5 54. Be2 Rb3 55. Ra6+ Kg7 56. Ra2 Rb4 57. Rd2 f4 58. gxf4 Rxf4 59. Kg3 Rb4
60. Bd1 Nc6 61. Rd7 Nd4 62. Kh3 Nf5 63. Bf3 Rxh4+ 64. Kg2 Rd4 65. Ra7 Nh4+ 66.
Kf2 Nxf3 67. Ke3 Rg4 68. Kxf3 Rg5 69. Ra1 f5 70. Kf4 Kh6 71. Ke5 Rg4 72. Kf6 Rb4
73. Ra8 Rb6+ 74. Ke5 Kg5 75. Ra1 Rb4 76. Rg1+ Rg4 77. Rh1 Re4+ 78. Kd5 h4 79.
Rg1+ Rg4 80. Rh1 Kh5 81. Ke5 f4 82. Ke4 g5 83. Kf5 f3 84. Rf1 Rf4+ 85. Ke5 f2
86. Kd5 h3 87. Ke5 Kh4 88. Rh1 f1=Q 89. Rxh3+ Qxh3 90. Kd5 Qe3 91. Kc6 g4 92.
Kd7 g3 93. Kd8 g2 94. Kd7 g1=Q 95. Kd8 Qg5+ 96. Kd7 Qg7+ 97. Kd8 Qee7+ 98. Kc8
Rf8# 0-1

[Event "Titled Tue 10th Jun Early"]
[Site "chess.com INT"]
[Date "2025.06.10"]
[Round "2"]
[White "Martinez Alcantara, Jose Eduardo"]
[Black "Manzone, Alessandro"]
[Result "1/2-1/2"]
[WhiteTitle "GM"]
[BlackTitle "FM"]
[WhiteElo "2611"]
[BlackElo "2397"]
[WhiteFideId "3805662"]
[BlackFideId "112488"]
[EventDate "2025.06.10"]

1. c4 Nf6 2. g3 e6 3. Bg2 d5 4. Nf3 d4 5. O-O Nc6 6. d3 Bc5 7. Nbd2 Be7 8. Nb3
O-O 9. e3 dxe3 10. Bxe3 Ng4 11. Bc1 Rb8 12. d4 Nf6 13. Ne5 Nxe5 14. dxe5 Nd7 15.
Qe2 Nc5 16. Rd1 Qe8 17. Nd4 a6 18. h4 Bd7 19. h5 h6 20. Be3 a5 21. Rac1 b6 22.
Nb5 Bxb5 23. cxb5 Rd8 24. Bc6 Rxd1+ 25. Rxd1 Qc8 26. Qg4 Kh8 27. Rd4 f5 28. Qg6
Rd8 29. Bxh6 gxh6 30. Qxh6+ Kg8 31. Qg6+ Kh8 32. Rxd8+ Qxd8 33. Be8 Bf8 34. Bf7
Bg7 35. h6 Bxe5 36. Bxe6 Nxe6 37. Qxe6 Bf6 38. Qxf5 Qd6 39. b3 Qe5 40. Qg6 Qe1+
41. Kg2 Qe7 42. a4 Bd4 43. Qg4 Qf6 44. Qc8+ Kh7 45. Qxc7+ Kxh6 46. Qc2 Bc5 47.
Qe2 Kg7 48. f4 Kf7 49. Qe4 Qe6 50. Qd3 Ke7 51. Kf3 Qe1 52. Qh7+ Kd6 53. Qg6+ Kd7
54. Qf7+ Qe7 55. Qd5+ Kc7 56. Qc6+ Kb8 57. Kg4 Qg7+ 58. Kh4 Be7+ 59. Kh3 Bc5 60.
Kg2 Qb2+ 61. Kh3 Qxb3 62. Qe4 Qf7 63. f5 Qh7+ 64. Kg2 Qb7 65. Kf3 Qxe4+ 66. Kxe4
Kc7 67. g4 Kd7 68. Ke5 Ke7 69. g5 Kf7 70. Kd5 Be3 71. Kc6 Kg7 72. Kc7 Kf7 73.
Kc6 Kg7 74. Kb7 Kf7 75. Kc7 Ke7 76. Kc6 Bf2 77. Kd5 Kf7 78. Ke4 Bc5 79. Kf4 Bd6+
80. Kg4 Bc5 81. Kh5 Bd6 82. Kh6 Be5 83. Kh7 Kf8 84. Kg6 Bd4 85. f6 Be3 86. Kf5
Bd4 87. g6 Kg8 88. Ke6 Kf8 89. Kf5 Bc3 90. Ke6 Bd4 91. f7 Kg7 92. Ke7 Bc5+ 93.
Ke8 Bb4 94. Kd7 Bc5 95. Kc6 Kxg6 96. f8=Q Bxf8 97. Kxb6 Bb4 98. Kc6 Kf6 99. b6
Ke7 100. b7 Bd6 101. Kb6 Kd7 102. Kxa5 Kc7 103. Ka6 Kb8 104. Kb6 Bc7+ 105. Ka6
Bh2 106. a5 Bg1 107. Kb5 Bf2 108. a6 Bg1 109. Kc6 Ba7 110. Kd7 Bg1 111. Kc6 Ba7
112. Kd7 Bb6 113. Ke6 Ba7 114. Kd5 Bb6 115. Kc4 Ba7 116. Kb5 Bb6 117. Kb4 Ba7
118. Ka4 Bb6 119. Kb3 Ba7 120. Kc2 Bb6 121. Kd1 Ka7 122. Ke2 Bc7 123. b8=Q+ Bxb8
124. Ke3 Kxa6 1/2-1/2

[Event "Titled Tue 10th Jun Early"]
[Site "chess.com INT"]
[Date "2025.06.10"]
[Round "2"]
[White "Ivanov, Andrey A."]
[Black "Saydaliev, Saidakbar"]
[Result "1-0"]
[WhiteTitle "CM"]
[BlackTitle "IM"]
[WhiteElo "2120"]
[BlackElo "2450"]
[WhiteFideId "2514311"]
[BlackFideId "14203693"]
[EventDate "2025.06.10"]

1. Nf3 Nf6 2. c4 e6 3. d4 d5 4. Nc3 Be7 5. cxd5 exd5 6. Bg5 O-O 7. e3 c6 8. Qc2
Re8 9. Bd3 h6 10. Bf4 Nbd7 11. O-O a5 12. h3 Nf8 13. a3 Ne6 14. Bh2 Bf8 15. Rab1
b6 16. b4 axb4 17. axb4 c5 18. bxc5 bxc5 19. dxc5 Nxc5 20. Rfd1 Nxd3 21. Qxd3
Ba6 22. Qd4 Rc8 23. Nxd5 Nxd5 24. Qxd5 Qxd5 25. Rxd5 Bc4 26. Rd2 Be6 27. Bg3 Ra8
28. Rdb2 Bf5 29. Rd1 Be4 30. Ne5 Red8 31. Rbd2 Rxd2 32. Rxd2 Ra1+ 33. Kh2 Ra8
34. Rd7 f6 35. Nf3 Bb4 36. Nd4 Bf8 37. Ne6 Bf5 38. Nxf8 Rxf8 39. Rc7 Rc8 40. Ra7
Rc2 41. Ra5 Bg6 42. Rb5 h5 43. Rb4 Kh7 44. Rf4 Bf7 45. Rf5 Kg6 46. Ra5 Bc4 47.
Rc5 Bd3 48. Ra5 Be4 49. Ra7 Kh6 50. Ra6 Kg6 51. Ra4 Bc6 52. Rd4 Kf5 53. Rf4+ Kg6
54. Rd4 Bb7 55. Kg1 Bc6 56. f3 Rc1+ 57. Kh2 Rc2 58. e4 Bb5 59. Be1 Bf1 60. Rd2
Rc1 61. Bf2 Rb1 62. h4 Bb5 63. Rc2 Bd3 64. Rd2 Ba6 65. Bg3 Bb7 66. Rd7 Rb2 67.
Bf4 Bc6 68. Rd2 Rb3 69. Kg3 Bxe4 70. Bd6 Bf5 71. Bf8 Rb7 72. Re2 Kf7 73. Ba3 g6
74. Bb2 Rb6 75. Bc1 Rc6 76. Bf4 Be6 77. Rb2 Bd5 78. Rb7+ Ke6 79. Rb8 Rc2 80. Rg8
Kf7 81. Rd8 Be6 82. Rb8 Bf5 83. Rb7+ Kg8 84. Rb8+ Kf7 85. Rb7+ Ke8 86. Rb8+ Kd7
87. Rb7+ Kc8 88. Rf7 Bd3 89. Rxf6 Bf1 90. Bg5 Rxg2+ 91. Kf4 Bd3 92. Ke5 Bf5 93.
f4 Re2+ 94. Kd6 Kb7 95. Kc5 Rc2+ 96. Kd6 Kb6 97. Ke5+ Kc5 98. Rxf5 gxf5 99. Kxf5
Kd5 100. Kg6 Rf2 101. Kxh5 Ke6 102. Kg6 Rf3 103. h5 Ra3 104. h6 Ra8 105. h7 Rh8
106. Kg7 Re8 107. h8=Q Rxh8 108. Kxh8 Kf7 109. Kh7 Kf8 110. Kh6 Kf7 111. Kh5 Kg8
112. Kg4 Kh7 113. Kf5 Kg7 114. Ke6 Kg6 115. f5+ Kxg5 116. f6 Kg4 117. f7 Kg3
118. f8=Q Kg2 119. Qf4 Kg1 120. Qd2 Kh1 121. Kf5 Kg1 122. Kf4 Kf1 123. Kf3 Kg1
124. Qg2# 1-0

[Event "Titled Tue 10th Jun Early"]
[Site "chess.com INT"]
[Date "2025.06.10"]
[Round "2"]
[White "Urazayev, Arystanbek"]
[Black "Otdelnov, Kirill"]
[Result "0-1"]
[WhiteTitle "IM"]
[BlackTitle "FM"]
[WhiteElo "2490"]
[BlackElo "2273"]
[WhiteFideId "13709810"]
[BlackFideId "24280216"]
[EventDate "2025.06.10"]

1. d4 d5 2. Nf3 Nf6 3. Bf4 c5 4. e3 e6 5. Nbd2 Nc6 6. Bb5 Qb6 7. a4 Be7 8. O-O
c4 9. b3 cxb3 10. Nxb3 O-O 11. c4 dxc4 12. Bxc4 Nb4 13. a5 Qd8 14. h3 Bd7 15.
Ne5 Rc8 16. Rc1 Ba4 17. Qe2 Nfd5 18. Bg3 Bxb3 19. Bxb3 Qxa5 20. Ra1 Qd8 21. Rxa7
Nc3 22. Qf3 b5 23. Nxf7 Rxf7 24. Bxe6 Qf8 25. Bh4 Re8 26. Qb7 Nbd5 27. Bxf7+
Qxf7 28. Bxe7 Qxe7 29. Qxe7 Rxe7 30. Ra8+ Kf7 31. Rfa1 b4 32. Rb8 Rc7 33. Ra5
Ke6 34. Kh2 Kd6 35. f3 Nxe3 36. Rxb4 Ncd5 37. Rb2 Ke6 38. Ra6+ Kf7 39. Rba2 Rc4
40. Ra7+ Kg6 41. R2a6+ Nf6 42. Rd6 Nf5 43. Rd8 Nxd4 44. Rf8 Nf5 45. Rff7 Rc2 46.
Kg1 h5 47. g3 Rc1+ 48. Kf2 Rc2+ 49. Ke1 Rc1+ 50. Kd2 Rg1 51. g4 hxg4 52. hxg4
Rg2+ 53. Kc1 Nxg4 54. fxg4 Rxg4 55. Rfb7 Rf4 56. Ra6+ Kg5 57. Rb5 g6 58. Rbb6
Nh4 59. Kd2 Kh5 60. Ke3 Rf5 61. Ke4 Rf1 62. Rb5+ g5 63. Raa5 Rg1 64. Ke3 Rg3+
65. Kf2 Rg2+ 66. Kf1 Rg4 67. Rb8 Rf4+ 68. Ke2 Kg4 69. Rg8 Nf5 70. Kd3 Rf3+ 71.
Kd2 Rf2+ 72. Ke1 Rf4 73. Ra6 Re4+ 74. Kd2 Kf4 75. Rag6 Ne7 76. Rf8+ Kg4 77. Rgf6
Rd4+ 78. Ke3 Rd5 79. Ke4 Ra5 80. R6f7 Ra4+ 81. Kd3 Nd5 82. Rg8 Nf4+ 83. Kd2 Ra5
84. Rfg7 Rd5+ 85. Ke3 Re5+ 86. Kd4 Rd5+ 87. Kc4 Ra5 88. Rf7 Rf5 89. Kc3 Rxf7 90.
Kd4 Rc7 91. Ke4 Re7+ 92. Kd4 Kh4 93. Ra8 g4 94. Rf8 Kg3 95. Rg8 Ne2+ 96. Kd3
Nf4+ 97. Kd2 Rd7+ 98. Ke3 Re7+ 99. Kd2 Kf3 100. Ra8 g3 101. Ra3+ Kf2 102. Ra2
Re2+ 103. Kc3 Rxa2 104. Kb3 g2 0-1

[Event "Titled Tue 10th Jun Early"]
[Site "chess.com INT"]
[Date "2025.06.10"]
[Round "2"]
[White "Jake Shanty"]
[Black "Girones Barrios, Yans Richard"]
[Result "1/2-1/2"]
[WhiteTitle "FM"]
[BlackTitle "FM"]
[WhiteElo "2252"]
[BlackElo "2385"]
[WhiteFideId "33478066"]
[BlackFideId "3506142"]
[EventDate "2025.06.10"]

1. Nf3 Nf6 2. b3 e6 3. Bb2 d5 4. e3 c5 5. d4 Nbd7 6. Nbd2 g6 7. Be2 Bg7 8. O-O
O-O 9. c4 Ne4 10. Rc1 Nxd2 11. Qxd2 dxc4 12. Bxc4 Nb6 13. Be2 cxd4 14. Nxd4 e5
15. Nf3 Bg4 16. Qxd8 Rfxd8 17. h3 Bxf3 18. Bxf3 e4 19. Bxg7 exf3 20. Bd4 fxg2
21. Kxg2 Nd5 22. Rfd1 Rd7 23. Kf3 f5 24. Rd2 Nf6 25. Rdc2 Nd5 26. a4 Kf7 27. Rc8
Rxc8 28. Rxc8 b6 29. h4 Nf6 30. Rh8 Kg7 31. Ra8 Kf7 32. Rh8 Kg7 33. Ra8 Kf7 34.
a5 bxa5 35. Bxa7 Ne4 36. Bd4 Nd2+ 37. Ke2 Nxb3 38. Bc3 Rc7 39. Bxa5 Nxa5 40.
Rxa5 h5 41. Kf3 Rc4 42. Kg3 Rg4+ 43. Kh3 f4 44. e4 f3 45. Ra3 Rxe4 46. Rxf3+ Kg7
47. Kg3 Rg4+ 48. Kh3 Rc4 49. Ra3 Rc1 50. f3 Rh1+ 51. Kg3 Rg1+ 52. Kf2 Rh1 53.
Ra4 Rh2+ 54. Kg3 Rc2 55. Rd4 Kh6 56. Rd8 Rc4 57. Rd6 Kg7 58. Re6 Rc1 59. Kf4 Rh1
60. Kg3 Rg1+ 61. Kh2 Rf1 62. Kg2 Rd1 63. Re2 Rd4 64. Kg3 Rc4 65. Re4 Rc1 66. Rb4
Rc3 67. Kf4 Rc5 68. Re4 Rf5+ 69. Kg3 Rc5 70. Re6 Kf7 71. Rd6 Rc4 72. Rb6 Rc3 73.
Kf4 Kg7 74. Rb5 Kf6 75. Rb6+ Kg7 76. Re6 Rc4+ 77. Re4 Rc5 78. Re5 Rc1 79. Rg5
Rc3 80. Kg3 Rc4 81. Re5 Kf6 82. Ra5 Rc6 83. Rb5 Rd6 84. Rb4 Ra6 85. Rf4+ Kg7 86.
Re4 Rc6 87. Kf4 Rc5 88. Re5 Rc1 89. Re2 Rh1 90. Kg3 Rg1+ 91. Kh2 Rf1 92. Kg2 Ra1
93. Re4 Ra3 94. Kg3 Kf6 95. Rf4+ Kg7 96. Rc4 Ra6 97. Rc7+ Kf6 98. Rd7 Ra1 99.
Rd6+ Kg7 100. Rc6 1/2-1/2